Despido y desempleo (Registro nro. 33116)
[ vista simple ]
| 000 -CABECERA | |
|---|---|
| Longitud fija campo de control | 01394naa a2200313 c 4500 |
| 001 - NÚMERO DE CONTROL | |
| Número de control | 33116 |
| 003 - IDENTIFICADOR DE NÚMERO DE CONTROL | |
| Identificador del número de control | ES-MaCES |
| 005 - FECHA Y HORA DE LA ÚLTIMA TRANSACCIÓN | |
| Fecha y hora de la última transacción | 20190511040034.0 |
| 008 - CAMPO FIJO DE DESCRIPCIÓN FIJA--INFORMACIÓN GENERAL | |
| Códigos de información de longitud fija | 030505n2003 sp t 000 | spa d |
| 035 ## - NÚMERO DE CONTROL DEL SISTEMA | |
| Número de control del sistema | CES20030000202v |
| 040 ## - FUENTE DE CATALOGACIÓN | |
| Centro catalogador de origen | ES-MaCES |
| Lengua de catalogación | spa |
| Centro transcriptor | ES-MaCES |
| 245 00 - MENCIÓN DE TÍTULO | |
| Título | Despido y desempleo |
| Resto del título | : comentarios a la Ley 45/2002, de 12 de diciembre, de medidas urgentes para la reforma del sistema de protección por desempleo y mejora de la ocupabilidad |
| Mención de responsabilidad, etc. | coordinadores, Antonio V. Sempere, Juan Antonio Sagardoy ; autores, Barcelón Cobedo, Susana ... [et al.] |
| 500 ## - NOTA GENERAL | |
| Nota general | Tít. tomado de la cub. |
| 610 14 - ASIENTO SECUNDARIO DE MATERIA--NOMBRE CORPORATIVO | |
| Nombre de entidad corporativa o nombre de jurisdicción como elemento inicial | España |
| Título de la obra | Ley de medidas urgentes para la reforma del sistema de protección por desempleo y mejora de la ocupabilidad |
| Fecha del congreso o de la firma de un tratado | 2002 |
| 9 (RLIN) | 3000 |
| 650 #4 - ASIENTO SECUNDARIO DE MATERIA--TÉRMINO DE MATERIA | |
| Término de materia o nombre geográfico como elemento inicial | comentario |
| 9 (RLIN) | 28971 |
| 650 #4 - ASIENTO SECUNDARIO DE MATERIA--TÉRMINO DE MATERIA | |
| Término de materia o nombre geográfico como elemento inicial | legislación del trabajo |
| 9 (RLIN) | 27166 |
| 650 #4 - ASIENTO SECUNDARIO DE MATERIA--TÉRMINO DE MATERIA | |
| Término de materia o nombre geográfico como elemento inicial | España |
| 9 (RLIN) | 26964 |
| 650 #4 - ASIENTO SECUNDARIO DE MATERIA--TÉRMINO DE MATERIA | |
| Término de materia o nombre geográfico como elemento inicial | prestaciones por desempleo |
| 9 (RLIN) | 27043 |
| 650 #4 - ASIENTO SECUNDARIO DE MATERIA--TÉRMINO DE MATERIA | |
| Término de materia o nombre geográfico como elemento inicial | despido |
| 9 (RLIN) | 28352 |
| 650 #4 - ASIENTO SECUNDARIO DE MATERIA--TÉRMINO DE MATERIA | |
| Término de materia o nombre geográfico como elemento inicial | 2002 |
| 9 (RLIN) | 36519 |
| 653 10 - TÉRMINO DE INDEXACIÓN--NO CONTROLADO | |
| Término no controlado | Legislación |
| 700 1# - ENCABEZAMIENTO SECUNDARIO--NOMBRE PERSONAL | |
| Nombre de persona | Sagardoy Bengoechea, Juan Antonio |
| Término indicativo de función | col. |
| 9 (RLIN) | 23002 |
| 700 1# - ENCABEZAMIENTO SECUNDARIO--NOMBRE PERSONAL | |
| Nombre de persona | Sempere Navarro, Antonio Vicente |
| Término indicativo de función | col. |
| 9 (RLIN) | 23834 |
| 700 1# - ENCABEZAMIENTO SECUNDARIO--NOMBRE PERSONAL | |
| Nombre de persona | Barcelón Cobedo, Susana |
| 9 (RLIN) | 7091 |
| 773 0# - ENTRADA DE DOCUMENTO FUENTE | |
| Título | Documentación laboral |
| Parte(s) relacionada(s) | n. 67 (2003-I){10142 R. 050984}; 237 p. |
| Número de control del registro relacionado | (ES-MaCES)25160 |
| Itemnumber del ítem fuente | 38011 |
| 902 ## - CES. TIPO DE DOCUMENTO | |
| Tipodoc (006$c Sirtex) | MON Monográfico de revista |
| 942 ## - ELEMENTOS KOHA | |
| Fuente de clasificaión o esquema | Clasificación propia del CES |
| Koha [por defecto] tipo de item | Artículos (1982-2017) |
| Parte de clasificación | 6.1. |
No hay ítems disponibles.
